Countries bordering countries bordering Germany - Statistics

General Stats
  • This quiz has been taken 22 times
  • The average score is 10 of 12
Answer Stats
Answer % Correct
Italy
100%
Lithuania
88%
Slovakia
88%
Slovenia
88%
Spain
88%
Belarus
82%
Hungary
82%
Liechtenstein
82%
Andorra
76%
Monaco
71%
Ukraine
71%
Russia
65%
No matching quizzes found
Score Distribution
Percent of People with Each Score
Percentile by Number Answered
Your Score History
You have not taken this quiz